Online
Catalog

Qué ha dicho verdaderamente Hobbes / (Record no. 22311)

MARC details
000 -CABECERA
campo de control de longitud fija 00930nam a2200253 a 4500
001 - NÚMERO DE CONTROL
campo de control 000022814
005 - FECHA Y HORA DE LA ÚLTIMA TRANSACCIÓN
campo de control 20200930021819.0
008 - DATOS DE LONGITUD FIJA--INFORMACIÓN GENERAL
campo de control de longitud fija 101118s1972 sp r 000 0 spa d
040 ## - FUENTE DE LA CATALOGACIÓN
Centro catalogador/agencia de origen DO-SdBNP
Lengua de catalogación spa
Centro/agencia transcriptor BNPHU
082 ## - NÚMERO DE LA CLASIFICACIÓN DECIMAL DEWEY
Número de clasificación 921.2
-- H682w
049 ## - FONDOS LOCALES (OCLC)
Fondos de biblioteca BNGR
100 1# - ENTRADA PRINCIPAL--NOMBRE DE PERSONA
Nombre de persona Watkins, J. W. N.
9 (RLIN) 46867
240 10 - TÍTULO UNIFORME
Título uniforme Hobbes's system of ideas.
Lenguaje de la obra Español.
245 10 - MENCIÓN DE TÍTULO
Título Qué ha dicho verdaderamente Hobbes /
Mención de responsabilidad, etc. J. W. N. Watkins ; traducción al castellano Antonio Gallifa.
260 ## - PUBLICACIÓN, DISTRIBUCIÓN, ETC.
Lugar de publicación, distribución, etc. Madrid, (España) :
Nombre del editor, distribuidor, etc. Doncel,
Fecha de publicación, distribución, etc. 1972.
300 ## - DESCRIPCIÓN FÍSICA
Extensión 247, [9] p. ;
Dimensiones 18 cm.
490 1# - MENCIÓN DE SERIE
Mención de serie Qué ha dicho verdaderamente
Designación de volumen o secuencia 18
504 ## - NOTA DE BIBLIOGRAFÍA, ETC.
Nota de bibliografía, etc. Incluye referencias bibliográficas (p. [5]-8)
534 ## - NOTA SOBRE LA VERSIÓN ORIGINAL
Encabezamiento principal del original Título original:
Mención de título del original Hobbes's system of ideas.
600 14 - PUNTO DE ACCESO ADICIONAL DE MATERIA--NOMBRE DE PERSONA
Nombre de persona HOBBES, THOMAS,
Fechas asociadas al nombre 1588-1679
Subdivisión general BIOGRAFÍA
9 (RLIN) 46868
650 #4 - PUNTO DE ACCESO ADICIONAL DE MATERIA--TÉRMINO DE MATERIA
Término de materia o nombre geográfico como elemento de entrada Filósofo
Subdivisión general Biografía
9 (RLIN) 46869
700 1# - PUNTO DE ACCESO ADICIONAL--NOMBRE DE PERSONA
Nombre de persona Gallifa, Antonio
Término indicativo de función/relación tr.
9 (RLIN) 46870
830 #0 - PUNTO DE ACCESO ADICIONAL DE SERIE-TÍTULO UNIFORME
Título uniforme Qué ha dicho verdaderamente ;
Designación de volumen o secuencia 18
9 (RLIN) 33187
Holdings
Estado de retiro Estado de pérdida Restricciones de uso No para préstamo Código de colección Localización permanente Ubicación/localización actual Ubicación en estantería Fecha de adquisición Número de inventario Total de préstamos Signatura topográfica completa Código de barras Fecha visto por última vez Precio válido a partir de Tipo de ítem Koha Número de copia
        Monografías: Libros y Folletos General General En catalogación 18.11.2010 LF1   921.2 H682w 22814-10 25.06.2020 25.06.2020 Préstamo en sala  
      Préstamo restrigido Monografías: Libros y Folletos General General En catalogación 23.02.2011 LF1   921.2 H682w 22814-20 25.06.2020 25.06.2020 Préstamo en sala e.2
        Monografías: Libros y Folletos General General En catalogación 23.02.2011 LF1   921.2 H682w 22814-30 25.06.2020 25.06.2020 Préstamo en sala e.3

Powered by Koha